Statistics for Italian Car Logo

Click here to take the quiz!

General Stats

  • This quiz has been taken 20 times
  • The average score is 8 of 12

Answer Stats

Answer% Correct
Alfa Romeo
100%
Ferrari
100%
Fiat
100%
Lamborghini
100%
Maserati
95%
Abarth
60%
Lancia
60%
Pagani
60%
Ducati
45%
De Tomaso
30%
Bertone
20%
Zagato
15%

Score Distribution

Percentile by Number Answered

Percent of People with Each Score

Your Score History

You have not taken this quiz